Inclusión e integración educativa con población migrante : experiencias de investigación con niñez venezolana en Colombia /

Bibliographic Details
Other Authors: Aliaga Sáez, Felipe Andrés (Editor), Olmos Alcaraz, Antonia, 1979- (Editor), Flórez de Andrade, Ángelo (Editor)
Format: Electronic eBook
Language:Spanish
Published: Pamplona, Colombia : Xalapa, Veracruz, México : Sello Editorial Unipamplona ; Red Iberoamericana de Academias de Investigación, [2024]
Edition:Primera edición.
Series:Colección Educación (Universidad de Pamplona)
Subjects:
Online Access:Digitalia Hispánica

MARC

LEADER 00000nam a2200000 i 4500
001 DIGUPAMP0076
003 NyNyDIG
007 cr |||||||||||
008 250908s2024 ck a ob 000 0 spa d
006 m o d
035 |a (OCoLC)1536545369 
040 |a DGITA  |b eng  |e rda  |e pn  |c DGITA 
020 |a 9786075893204  |q (digital) 
024 7 |a 10.24054/seu.91  |2 doi 
043 |a s-ck---  |a s-ve--- 
050 1 4 |a LC3715 ebook 
245 0 0 |a Inclusión e integración educativa con población migrante :  |b experiencias de investigación con niñez venezolana en Colombia /  |c Felipe Aliaga Sáez, Antonia Olmos Alcaraz, Angelo Flórez de Andrade, editores. 
250 |a Primera edición. 
264 1 |a Pamplona, Colombia :  |b Sello Editorial Unipamplona ;  |a Xalapa, Veracruz, México :  |b Red Iberoamericana de Academias de Investigación,  |c [2024] 
300 |a 1 online resource :  |b illustrations. 
336 |a text  |b txt  |2 rdacontent 
337 |a computer  |b c  |2 rdamedia 
338 |a online resource  |b cr  |2 rdacarrier 
347 |a text file  |2 rdaft 
347 |b PDF 
490 1 |a Colección Educación 
504 |a Includes bibliographical references. 
588 0 |a Online resource; title from PDF title page (Digitalia, viewed September 8, 2025) 
650 0 |a Immigrant children  |x Education  |z Colombia  |y 21st century. 
650 0 |a Inclusive education  |z Colombia. 
650 0 |a Venezuelans  |z Colombia  |x Social conditions  |y 21st century. 
650 0 |a Venezuela  |x Emigration and immigration  |z Colombia. 
700 1 |a Aliaga Sáez, Felipe Andrés,  |e editor. 
700 1 |a Olmos Alcaraz, Antonia,  |d 1979-  |e editor. 
700 1 |a Flórez de Andrade, Ángelo,  |e editor. 
791 2 |a Digitalia (Firm),  |e distributor. 
793 0 |g Digitalia eBook Collection:  |a Universidad de Pamplona 
830 0 |a Colección Educación (Universidad de Pamplona) 
856 4 0 |3 Digitalia Hispánica  |u https://www.digitaliapublishing.com/a/175724/ 
910 |a Premium collection: 2025